000 00287nam a2200133Ia 4500
003 OSt
005 20240118153924.0
008 170524s9999 xx 000 0 und d
020 _a8122418341
040 _cIIMTU
100 _aRAO SHANKAR
245 0 _aNUMERICAL ANALYSIS
942 _2ddc
_c02
999 _c4442
_d4442